000 008030000a22002170004500
001 002695
003 OSt
005 20110511104519.0
008 110511t xxu||||| |||| 00| 0 eng d
020 _a16844874
040 _aPurchased
082 _a348.042 EAS
245 _aThe East Africa law reports 2001 Vol.1 /
260 _bLaw Africa
_cc2002
650 _acases
_aEast Africa
_alaws
_areports
_93916
653 _aLaw
942 _cBK
_2ddc
999 _c1775
_d1775